000
00305nam a22001337a 4500
008
180213b xxu||||| |||| 00| 0 eng d
020
_a
9781880120156
041
_a
eng
080
_a
72
100
_a
41
101
_a
nder
245
_a
saturn building shell field guide
_c
dorsi.ch
942
_2
udc
_c
BK
999
_c
42368
_d
42368